| 000 | 02498nas a2200313 i 4500 | ||
|---|---|---|---|
| 001 | 172583 | ||
| 003 | ES-MaACL | ||
| 005 | 20251003181046.0 | ||
| 007 | t| | ||
| 008 | 090722c1883 sp a| | 1 ||pa d | ||
| 080 | _a3 : 061.12(460) | ||
| 110 | 2 |
_aReal Academia de Ciencias Morales y Políticas (España) _9222050 |
|
| 245 | 1 | 0 |
_aMemorias de la Real Academia de Ciencias Morales y Políticas _g1883. |
| 260 |
_aMadrid : _b[s. n.], _c1883 ( _fTip. Gutenberg) |
||
| 300 |
_a1 v. ; _c26 cm. |
||
| 505 | 8 | _aContiene: T. IV : Resumen de las actas leído el 31 de diciembre de 1876 / Fernando Álvarez (18 p.). Movimiento de las ideas religiosas en Europa : exposición y crítica del sistema krausista / Manuel Alonso Martínez (p. 19-74). Estudio sobre la propiedad enfitéutica y las leyes de 20 de agosto y 16 de septiembre de 1873 relativas a la redención de foros y otras cargas territoriales / Florencio Rodríguez Vaamonde (p. 75-144). Informe sobre los foros de Galicia, Asturias y León / Fernando Calderón Collantes (p. 145-202). Informe sobre el juicio oral y público ante jurados (p. 203-258). Política comercial de España / José García Barzanallana (p. 259-336). El parlamento de Inglaterra / José García Barzanallana (p. 337-398). Sobre la educación mixta de los niños de ambos sexos / Fermín Caballero (p. 399-402). El parlamentarismo y la descentralización en Inglaterra / Francisco de Cárdenas (p.403-418). Estado de la población y del trabajo en las islas de Cuba y Puerto Rico / Francisco de Cárdenas (p. 419-454). La huelga de los ferrocarriles de los Estados Unidos de la América del Norte en 1877 / Marqués de la Vega de Armijo (p. 455-504). Proyecto del código penal para el reino de Italia / Víctor Moliner (p. 505-564). Investigación acerca del capital / Melchor Salvá (p. 565-701). | |
| 700 | 1 |
_aAlvarez, Fernando. _9234200 |
|
| 700 | 1 |
_aAlonso Martínez, Manuel, _d1827-1891 _920356 |
|
| 700 | 1 |
_aRodríguez Vaamonde, Florencio. _998847 |
|
| 700 | 0 |
_aCalderón y Collantes, Fernando, _cMarqués de Reinosa _933632 |
|
| 700 | 1 |
_aGarcía Barzanallana, José, _d1819-1903 _954239 |
|
| 700 | 1 |
_aCaballero, Fermín, _d1800-1876 _933078 |
|
| 700 | 1 |
_aCárdenas, Francisco de, _d1816-1898 _935138 |
|
| 700 | 1 |
_aAguilar y Correa, Antonio, _cMarqués de la Vega de Armijo, _d1824-1908 _918751 |
|
| 700 | 1 |
_aMoliner, Víctor. _9141110 |
|
| 700 | 1 |
_aSalvá, Melchor, _d1834-1918 _9102056 |
|
| 852 |
_aES-MaACL _jK-174 |
||
| 999 |
_c172583 _d172583 |
||